| 000 | 01000nam a22002777i 4500 | ||
|---|---|---|---|
| 003 | DO-SdBNP | ||
| 005 | 20250305081739.0 | ||
| 007 | ta | ||
| 008 | 241015b2005 dr a|||| |||| 00| 0 spa d | ||
| 020 | _a9993462209 | ||
| 040 |
_aDO-SdBNP _bspa _cBNPHU _erda |
||
| 041 | _aspa | ||
| 082 | 4 |
_a0 _bG934c _222 |
|
| 100 |
_aGuerrero, José G _eautor _4aut. _918729 |
||
| 245 | 1 | 0 |
_aCotuí : _bvilla, carnaval, cofradía y palos : un estudio etnohistórico / _cJosé G. Guerrero. |
| 264 | 1 |
_aSanto Domingo, República Dominicana : _bEditora Universitaria-UASD, _c2005. |
|
| 300 |
_a190 páginas : _bilustraciones ; _c23 cm. |
||
| 336 |
_atexto _btxt _2rdacontent |
||
| 337 |
_asin mediación _bn _2rdamedia |
||
| 338 |
_avolumen _bnc _2rdacarrier |
||
| 490 | 0 |
_aPublicaciones de la Universidad Autónoma Santo Domingo ; _v1247 |
|
| 490 | 0 |
_aColección estudios sociales ; _v170 |
|
| 500 | _aEn el quinto centenario de la fundación de Cotuí | ||
| 504 | _aBibliografía: p. 183-190 | ||
| 942 |
_2ddc _cLBS1 |
||
| 999 |
_c57868 _d57868 |
||